[Event "ODJM C 2023"]
[Site "Willingen GER"]
[Date "2023.05.28"]
[Round "1"]
[White "Hellmann, Alexander"]
[Black "Beier, Martin"]
[Result "1-0"]
[Termination "normal"]
[Board "11"]
[WhiteElo "1156"]
[BlackElo "1346"]
[WhiteClock "00:57:48"]
[BlackClock "01:12:54"]
[PlyCount "61"]
[WhiteFideId "34612050"]
[BlackFideId "34631879"]
[EventCountry "GER"]
[EventRounds "9"]
[EventType "swiss"]
[EventDate "2023.05.27"]

1. d4 {[%clk 01:30:49] [%emt 00:00:11]} 1... d5 {[%clk 01:30:56] [%emt
00:00:05]} 2. c4 {[%clk 01:31:13] [%emt 00:00:06]} 2... e6 {[%clk 01:31:14]
[%emt 00:00:12]} 3. e3 {[%clk 01:31:19] [%emt 00:00:23]} 3... Nf6 {[%clk
01:31:31] [%emt 00:00:13]} 4. Nf3 {[%clk 01:31:21] [%emt 00:00:29]} 4... c6
{[%clk 01:31:54] [%emt 00:00:07]} 5. Nc3 {[%clk 01:31:09] [%emt 00:00:42]} 5...
Qc7 {[%clk 01:31:17] [%emt 00:01:08]} 6. Bd3 {[%clk 01:30:09] [%emt 00:01:29]}
6... dxc4 {[%clk 01:31:11] [%emt 00:00:37]} 7. Bxc4 {[%emt 00:00:28]} 7... Bd6
{[%clk 01:31:23] [%emt 00:00:02]} 8. Bd2 {[%clk 01:27:52] [%emt 00:03:04]} 8...
Nbd7 {[%clk 01:30:57] [%emt 00:00:55]} 9. Qc2 {[%clk 01:26:35] [%emt 00:01:48]}
9... Nb6 {[%clk 01:30:45] [%emt 00:00:41]} 10. Bd3 {[%clk 01:26:04] [%emt
00:01:01]} 10... Bd7 {[%clk 01:30:35] [%emt 00:00:40]} 11. O-O-O {[%clk
01:23:13] [%emt 00:03:20]} 11... O-O-O {[%clk 01:30:27] [%emt 00:00:38]} 12.
Ng5 {[%clk 01:21:32] [%emt 00:02:11]} 12... Rdf8 {[%clk 01:29:19] [%emt
00:01:37]} 13. h3 {[%clk 01:19:58] [%emt 00:02:06]} 13... h6 {[%clk 01:29:09]
[%emt 00:00:40]} 14. Nf3 {[%clk 01:19:49] [%emt 00:00:39]} 14... Kb8 {[%clk
01:28:43] [%emt 00:00:55]} 15. Rde1 {[%clk 01:18:30]} 15... Rc8 {[%clk
01:28:43]} 16. Kb1 {[%clk 01:18:30]} 16... c5 {[%clk 01:28:43]} 17. Rc1 {[%clk
01:18:30]} 17... Rhe8 {[%clk 01:28:43]} 18. Nb5 {[%clk 01:18:30]} 18... Qc6
{[%clk 01:28:43]} 19. Nxd6 {[%clk 01:18:30]} 19... Qxd6 {[%clk 01:26:36] [%emt
00:14:36]} 20. dxc5 {[%clk 01:12:35]} 20... Qe7 {[%clk 01:25:05] [%emt
00:02:15]} 21. Bb4 {[%clk 01:10:23]} 21... Nbd5 {[%clk 01:24:04] [%emt
00:04:14]} 22. Ba3 {[%clk 01:09:58]} 22... Qd8 {[%clk 01:22:19] [%emt
00:03:11]} 23. Qb3 {[%clk 01:09:35]} 23... Bc6 {[%clk 01:20:58] [%emt
00:02:42]} 24. Ne5 {[%clk 01:09:44]} 24... Re7 {[%clk 01:19:57] [%emt
00:01:53]} 25. g3 {[%clk 01:06:18] [%emt 00:03:56]} 25... Nxe3 {[%clk 01:16:32]
[%emt 00:03:54]} 26. Nxc6+ {[%clk 01:06:12] [%emt 00:00:37]} 26... Rxc6 {[%clk
01:15:38] [%emt 00:01:24]} 27. fxe3 {[%clk 01:06:19] [%emt 00:00:24]} 27... a6
{[%clk 01:15:08] [%emt 00:01:00]} 28. Rhd1 {[%clk 01:06:00] [%emt 00:00:49]}
28... Nd5 {[%clk 01:15:05] [%emt 00:00:32]} 29. Bc4 {[%clk 01:05:30] [%emt
00:01:01]} 29... Rd7 {[%clk 01:13:08] [%emt 00:02:25]} 30. Rd3 {[%clk 01:03:23]
[%emt 00:02:39]} 30... Qg5 {[%clk 01:12:54] [%emt 00:00:43]} 31. e4 {[%clk
00:57:48] [%emt 00:06:05]} 1-0

[Event "ODJM C 2023"]
[Site "Willingen GER"]
[Date "2023.05.28"]
[Round "1"]
[White "Meyer, Henry Paul"]
[Black "Lau, Lars"]
[Result "1-0"]
[Termination "normal"]
[Board "12"]
[WhiteElo "1337"]
[BlackElo "1244"]
[WhiteClock "00:22:19"]
[BlackClock "01:08:07"]
[PlyCount "93"]
[WhiteFideId "34645802"]
[BlackFideId "34623663"]
[EventCountry "GER"]
[EventRounds "9"]
[EventType "swiss"]
[EventDate "2023.05.27"]

1. d4 {[%clk 01:30:58]} 1... g6 {[%clk 01:30:55] [%emt 00:00:07]} 2. e4 {[%clk
01:31:11] [%emt 00:00:15]} 2... Bg7 {[%emt 00:00:22]} 3. c4 {[%clk 01:31:24]}
3... d6 {[%clk 01:31:46] [%emt 00:00:06]} 4. Nc3 {[%clk 01:31:21] [%emt
00:00:31]} 4... e5 {[%clk 01:31:34] [%emt 00:00:43]} 5. Nf3 {[%clk 01:28:39]
[%emt 00:03:11]} 5... Nc6 {[%clk 01:31:40] [%emt 00:00:24]} 6. d5 {[%clk
01:26:56] [%emt 00:02:12]} 6... Nce7 {[%clk 01:32:02] [%emt 00:00:10]} 7. Bd3
{[%clk 01:21:22] [%emt 00:06:03]} 7... Bg4 {[%clk 01:32:22] [%emt 00:00:10]} 8.
h3 {[%clk 01:20:54] [%emt 00:00:58]} 8... Bxf3 {[%clk 01:32:47] [%emt
00:00:06]} 9. Qxf3 {[%clk 01:19:21] [%emt 00:02:03]} 9... h6 {[%clk 01:32:58]
[%emt 00:00:19]} 10. Be3 {[%clk 01:16:56] [%emt 00:02:54]} 10... Nf6 {[%clk
01:33:06] [%emt 00:00:23]} 11. O-O-O {[%clk 01:16:35] [%emt 00:00:51]} 11...
Qd7 {[%clk 01:33:06] [%emt 00:00:29]} 12. Bc2 {[%clk 01:05:49] [%emt 00:11:16]}
12... O-O {[%clk 01:30:31] [%emt 00:03:07]} 13. Rdg1 {[%clk 00:59:38] [%emt
00:06:38]} 13... g5 {[%clk 01:27:07] [%emt 00:03:57]} 14. Ne2 {[%clk 00:46:25]
[%emt 00:13:42]} 14... Ng6 {[%clk 01:23:03] [%emt 00:04:34]} 15. g3 {[%clk
00:44:27] [%emt 00:02:27]} 15... a5 {[%clk 01:22:06] [%emt 00:01:28]} 16. Qf5
{[%clk 00:42:02] [%emt 00:02:53]} 16... Ne7 {[%clk 01:19:40] [%emt 00:02:59]}
17. Qxd7 {[%clk 00:41:45] [%emt 00:00:47]} 17... Nxd7 {[%clk 01:20:06] [%emt
00:00:04]} 18. f4 {[%clk 00:41:45] [%emt 00:00:29]} 18... gxf4 {[%clk 01:18:04]
[%emt 00:02:32]} 19. gxf4 {[%clk 00:42:06] [%emt 00:00:09]} 19... exf4 {[%clk
01:18:25] [%emt 00:00:09]} 20. Bxf4 {[%clk 00:41:15] [%emt 00:01:20]} 20... Ng6
{[%clk 01:18:45] [%emt 00:00:11]} 21. Be3 {[%clk 00:40:40] [%emt 00:01:04]}
21... Nde5 {[%clk 01:18:29] [%emt 00:00:47]} 22. b3 {[%clk 00:38:26] [%emt
00:02:44]} 22... a4 {[%clk 01:17:12] [%emt 00:01:47]} 23. Nd4 {[%clk 00:36:29]
[%emt 00:02:26]} 23... axb3 {[%clk 01:16:28] [%emt 00:01:16]} 24. Bxb3 {[%clk
00:36:14] [%emt 00:00:44]} 24... Nd3+ {[%clk 01:13:35] [%emt 00:03:23]} 25. Kb1
{[%clk 00:34:27] [%emt 00:02:16]} 25... Bxd4 {[%clk 01:13:23] [%emt 00:00:43]}
26. Bxd4 {[%clk 00:34:08] [%emt 00:00:49]} 26... Kh7 {[%clk 01:12:40] [%emt
00:01:13]} 27. Rg3 {[%clk 00:31:50] [%emt 00:02:48]} 27... Ndf4 {[%clk
01:12:39] [%emt 00:00:30]} 28. Bd1 {[%clk 00:30:03] [%emt 00:02:13]} 28... Rg8
{[%clk 01:12:24] [%emt 00:00:50]} 29. Rf1 {[%clk 00:29:09] [%emt 00:01:16]}
29... Rae8 {[%clk 01:07:46] [%emt 00:05:16]} 30. Rxg6 {[%clk 00:28:44] [%emt
00:00:54]} 30... fxg6 {[%clk 01:06:22] [%emt 00:01:55]} 31. Rxf4 {[%clk
00:29:04] [%emt 00:00:09]} 31... Rgf8 {[%clk 01:06:08] [%emt 00:00:45]} 32.
Rxf8 {[%clk 00:26:01] [%emt 00:03:33]} 32... Rxf8 {[%emt 00:00:08]} 33. Kb2
{[%clk 00:24:22] [%emt 00:02:08]} 33... Rf4 {[%clk 01:06:48] [%emt 00:00:13]}
34. Bc2 {[%clk 00:24:20] [%emt 00:00:31]} 34... Rh4 {[%clk 01:07:01] [%emt
00:00:17]} 35. c5 {[%clk 00:24:28] [%emt 00:00:22]} 35... Kg8 {[%clk 01:06:38]
[%emt 00:00:54]} 36. c6 {[%clk 00:24:09] [%emt 00:00:49]} 36... bxc6 {[%clk
01:06:23] [%emt 00:00:45]} 37. dxc6 {[%clk 00:24:18] [%emt 00:00:22]} 37...
Rxh3 {[%clk 01:06:30] [%emt 00:00:23]} 38. a4 {[%clk 00:24:11] [%emt 00:00:35]}
38... Rh5 {[%clk 01:06:40] [%emt 00:00:20]} 39. Bb3+ {[%clk 00:24:17] [%emt
00:00:25]} 39... Kf8 {[%clk 01:06:58] [%emt 00:00:12]} 40. Bd5 {[%clk 00:23:46]
[%emt 00:01:01]} 40... Rh2+ {[%clk 01:06:54] [%emt 00:00:34]} 41. Kb3 {[%clk
00:23:59] [%emt 00:00:14]} 41... Rh3+ {[%clk 01:06:58] [%emt 00:00:28]} 42. Kb4
{[%clk 00:23:48] [%emt 00:00:42]} 42... Rf3 {[%clk 01:07:21] [%emt 00:00:07]}
43. a5 {[%clk 00:23:44] [%emt 00:00:34]} 43... Ke7 {[%clk 01:07:44] [%emt
00:00:07]} 44. Bg7 {[%clk 00:21:47] [%emt 00:02:25]} 44... Kd8 {[%clk 01:07:46]
[%emt 00:00:30]} 45. a6 {[%clk 00:21:59] [%emt 00:00:17]} 45... Rf1 {[%clk
01:07:46] [%emt 00:00:30]} 46. a7 {[%clk 00:22:06] [%emt 00:00:24]} 46... Rb1+
{[%clk 01:08:07] [%emt 00:00:09]} 47. Bb3 {[%clk 00:22:19] [%emt 00:00:17]} 1-0

[Event "ODJM C 2023"]
[Site "Willingen GER"]
[Date "2023.05.28"]
[Round "1"]
[White "Prokscha, Marlene"]
[Black "Briese, Paul"]
[Result "0-1"]
[Termination "normal"]
[Board "13"]
[WhiteElo "1054"]
[BlackElo "1321"]
[WhiteClock "00:39:38"]
[BlackClock "00:10:25"]
[PlyCount "156"]
[WhiteFideId "34631291"]
[BlackFideId "16273826"]
[EventCountry "GER"]
[EventRounds "9"]
[EventType "swiss"]
[EventDate "2023.05.27"]

1. e4 {[%clk 01:30:58]} 1... d6 {[%clk 01:30:47] [%emt 00:00:14]} 2. Nc3 {[%clk
01:30:57] [%emt 00:00:31]} 2... Nf6 {[%clk 01:30:49] [%emt 00:00:28]} 3. Bc4
{[%clk 01:30:28] [%emt 00:00:59]} 3... Nbd7 {[%clk 01:30:03] [%emt 00:01:16]}
4. Nf3 {[%clk 01:29:47] [%emt 00:01:11]} 4... h6 {[%clk 01:27:29] [%emt
00:03:04]} 5. d3 {[%clk 01:27:11] [%emt 00:03:05]} 5... e5 {[%clk 01:26:32]
[%emt 00:01:28]} 6. h3 {[%clk 01:23:53] [%emt 00:03:48]} 6... Be7 {[%clk
01:23:37] [%emt 00:03:25]} 7. Be3 {[%clk 01:23:48] [%emt 00:00:35]} 7... b6
{[%clk 01:20:25] [%emt 00:03:42]} 8. O-O {[%clk 01:23:40] [%emt 00:00:38]} 8...
Bb7 {[%clk 01:19:38] [%emt 00:01:17]} 9. Qe2 {[%clk 01:18:22] [%emt 00:05:47]}
9... O-O {[%clk 01:16:25] [%emt 00:03:44]} 10. a4 {[%clk 01:12:14] [%emt
00:06:39]} 10... c6 {[%clk 01:12:57] [%emt 00:03:58]} 11. d4 {[%clk 01:08:45]
[%emt 00:03:59]} 11... exd4 {[%clk 01:08:14] [%emt 00:05:13]} 12. Bxd4 {[%clk
01:07:29] [%emt 00:01:47]} 12... c5 {[%clk 01:01:47] [%emt 00:06:57]} 13. Bxf6
{[%clk 01:05:52] [%emt 00:02:06]} 13... Bxf6 {[%clk 00:57:08] [%emt 00:05:09]}
14. Ra2 {[%clk 01:03:02] [%emt 00:03:20]} 14... Bxc3 {[%clk 00:56:32] [%emt
00:01:07]} 15. bxc3 {[%clk 01:03:22] [%emt 00:00:10]} 15... Re8 {[%clk
00:55:09] [%emt 00:01:53]} 16. Nd2 {[%clk 01:01:01] [%emt 00:02:51]} 16... d5
{[%clk 00:52:52] [%emt 00:02:47]} 17. Ba6 {[%clk 00:58:33] [%emt 00:02:58]}
17... Bxa6 {[%clk 00:51:16] [%emt 00:02:05]} 18. Qxa6 {[%clk 00:58:43] [%emt
00:00:21]} 18... dxe4 {[%clk 00:50:49] [%emt 00:00:57]} 19. Re1 {[%clk
00:58:15] [%emt 00:00:30]} 19... Nf6 {[%clk 00:48:08] [%emt 00:03:38]} 20. Nf1
{[%clk 00:56:51] [%emt 00:01:54]} 20... Nd5 {[%clk 00:42:20] [%emt 00:06:19]}
21. Qc4 {[%clk 00:54:54] [%emt 00:02:13]} 21... Nf6 {[%clk 00:40:36] [%emt
00:02:28]} 22. Ng3 {[%clk 00:54:01] [%emt 00:01:23]} 22... Qd5 {[%clk 00:38:02]
[%emt 00:03:04]} 23. Qxd5 {[%clk 00:53:10] [%emt 00:01:21]} 23... Nxd5 {[%clk
00:38:20] [%emt 00:00:12]} 24. c4 {[%clk 00:51:47] [%emt 00:01:53]} 24... Nf6
{[%clk 00:36:09] [%emt 00:02:41]} 25. a5 {[%clk 00:51:44] [%emt 00:00:34]}
25... Rab8 {[%clk 00:31:11] [%emt 00:05:27]} 26. f3 {[%clk 00:47:14] [%emt
00:04:59]} 26... exf3 {[%clk 00:28:32] [%emt 00:03:09]} 27. Rxe8+ {[%clk
00:47:29] [%emt 00:00:15]} 27... Nxe8 {[%clk 00:27:24] [%emt 00:01:38]} 28.
gxf3 {[%clk 00:47:46] [%emt 00:00:13]} 28... Nd6 {[%clk 00:27:38] [%emt
00:00:16]} 29. Ra4 {[%clk 00:46:14] [%emt 00:02:03]} 29... b5 {[%clk 00:26:07]
[%emt 00:02:01]} 30. cxb5 {[%clk 00:46:30] [%emt 00:00:13]} 30... Nxb5 {[%clk
00:26:05] [%emt 00:00:32]} 31. Kf2 {[%clk 00:45:10] [%emt 00:01:50]} 31... Nd4
{[%clk 00:24:40] [%emt 00:01:56]} 32. Rc4 {[%clk 00:44:13] [%emt 00:01:27]}
32... Rb2 {[%clk 00:22:58] [%emt 00:02:11]} 33. Rxc5 {[%clk 00:42:45] [%emt
00:01:58]} 33... Rxc2+ {[%clk 00:23:03] [%emt 00:00:25]} 34. Rxc2 {[%clk
00:42:46] [%emt 00:00:28]} 34... Nxc2 {[%clk 00:23:25] [%emt 00:00:08]} 35. Nf5
{[%clk 00:42:58] [%emt 00:00:18]} 35... Nb4 {[%clk 00:23:25] [%emt 00:00:31]}
36. Ne7+ {[%clk 00:42:51] [%emt 00:00:37]} 36... Kf8 {[%clk 00:23:45] [%emt
00:00:09]} 37. Nc8 {[%clk 00:43:12] [%emt 00:00:09]} 37... a6 {[%emt 00:02:12]}
38. Na7 {[%clk 00:42:35]} 38... Nd3+ {[%clk 00:21:01] [%emt 00:02:39]} 39. Ke3
{[%clk 00:42:48] [%emt 00:00:18]} 39... Ne5 {[%clk 00:21:16] [%emt 00:00:12]}
40. Ke4 {[%clk 00:42:40] [%emt 00:00:40]} 40... Nc4 {[%clk 00:21:16] [%emt
00:00:28]} 41. Nc6 {[%clk 00:42:41] [%emt 00:00:30]} 41... Ke8 {[%clk 00:20:06]
[%emt 00:01:40]} 42. Kd5 {[%clk 00:42:45] [%emt 00:00:27]} 42... Kd7 {[%clk
00:16:54] [%emt 00:03:41]} 43. Nb8+ {[%clk 00:42:44] [%emt 00:00:33]} 43... Kc8
{[%clk 00:17:03] [%emt 00:00:20]} 44. Nxa6 {[%clk 00:40:35] [%emt 00:02:40]}
44... Nxa5 {[%clk 00:17:09] [%emt 00:00:24]} 45. Kd6 {[%clk 00:40:48] [%emt
00:00:17]} 45... Kd8 {[%clk 00:17:04] [%emt 00:00:34]} 46. f4 {[%clk 00:40:59]
[%emt 00:00:19]} 46... Nc4+ {[%clk 00:16:38] [%emt 00:00:57]} 47. Kd5 {[%clk
00:41:12] [%emt 00:00:17]} 47... Ne3+ {[%clk 00:16:28] [%emt 00:00:39]} 48. Ke4
{[%clk 00:41:13] [%emt 00:00:28]} 48... Nd1 {[%clk 00:15:53] [%emt 00:01:06]}
49. Kf3 {[%clk 00:40:55] [%emt 00:00:32]} 49... Ke7 {[%clk 00:15:23] [%emt
00:01:16]} 50. Nc7 {[%clk 00:40:52] [%emt 00:00:32]} 50... Nc3 {[%clk 00:15:06]
[%emt 00:00:48]} 51. Kg4 {[%clk 00:39:07] [%emt 00:02:00]} 51... Kd7 {[%clk
00:13:24] [%emt 00:02:19]} 52. Na6 {[%clk 00:39:13] [%emt 00:00:32]} 52... Nd5
{[%clk 00:13:19] [%emt 00:00:34]} 53. Nc5+ {[%clk 00:38:52] [%emt 00:00:49]}
53... Kd6 {[%clk 00:13:31] [%emt 00:00:19]} 54. Ne4+ {[%clk 00:38:59] [%emt
00:00:22]} 54... Ke6 {[%clk 00:13:36] [%emt 00:00:25]} 55. Nc5+ {[%clk
00:38:43] [%emt 00:00:45]} 55... Ke7 {[%clk 00:12:35] [%emt 00:01:33]} 56. Ne4
{[%clk 00:38:21] [%emt 00:00:55]} 56... Nf6+ {[%clk 00:12:44] [%emt 00:00:20]}
57. Nxf6 {[%clk 00:37:04] [%emt 00:01:48]} 57... Kxf6 {[%clk 00:13:07] [%emt
00:00:07]} 58. h4 {[%clk 00:37:15] [%emt 00:00:19]} 58... Ke6 {[%clk 00:09:56]
[%emt 00:03:40]} 59. Kh5 {[%clk 00:36:50] [%emt 00:00:54]} 59... Kd5 {[%clk
00:08:48] [%emt 00:01:39]} 60. f5 {[%clk 00:35:49] [%emt 00:01:32]} 60... Ke5
{[%clk 00:07:51] [%emt 00:01:27]} 61. Kg4 {[%clk 00:35:39] [%emt 00:00:39]}
61... g6 {[%clk 00:07:23] [%emt 00:01:19]} 62. fxg6 {[%clk 00:35:11] [%emt
00:00:58]} 62... fxg6 {[%clk 00:07:43] [%emt 00:00:11]} 63. h5 {[%clk 00:35:18]
[%emt 00:00:23]} 63... g5 {[%clk 00:07:44] [%emt 00:00:29]} 64. Kg3 {[%clk
00:35:39] [%emt 00:00:08]} 64... Kf5 {[%clk 00:07:21] [%emt 00:00:53]} 65. Kf3
{[%clk 00:35:49] [%emt 00:00:19]} 65... g4+ {[%clk 00:07:28] [%emt 00:00:22]}
66. Kg3 {[%clk 00:36:13] [%emt 00:00:07]} 66... Kg5 {[%clk 00:07:50] [%emt
00:00:08]} 67. Kf2 {[%clk 00:36:16] [%emt 00:00:28]} 67... Kxh5 {[%clk
00:08:13] [%emt 00:00:07]} 68. Kg3 {[%clk 00:36:36] [%emt 00:00:10]} 68... Kg5
{[%clk 00:08:29] [%emt 00:00:14]} 69. Kf2 {[%clk 00:36:56] [%emt 00:00:10]}
69... Kf4 {[%clk 00:08:42] [%emt 00:00:16]} 70. Kg2 {[%clk 00:37:14] [%emt
00:00:12]} 70... h5 {[%clk 00:08:59] [%emt 00:00:13]} 71. Kh2 {[%clk 00:37:37]
[%emt 00:00:08]} 71... Kf3 {[%clk 00:09:10] [%emt 00:00:18]} 72. Kg1 {[%clk
00:37:57] [%emt 00:00:09]} 72... Kg3 {[%clk 00:09:31] [%emt 00:00:09]} 73. Kh1
{[%clk 00:38:17] [%emt 00:00:11]} 73... Kf2 {[%clk 00:09:44] [%emt 00:00:15]}
74. Kh2 {[%clk 00:38:41] [%emt 00:00:08]} 74... g3+ {[%clk 00:10:07] [%emt
00:00:08]} 75. Kh3 {[%clk 00:38:54] [%emt 00:00:15]} 75... g2 {[%clk 00:10:30]
[%emt 00:00:07]} 76. Kh4 {[%clk 00:39:17] [%emt 00:00:08]} 76... g1=Q {[%emt
00:00:13]} 77. Kxh5 {[%emt 00:00:13]} 77... Kf3 {[%clk 00:10:25] [%emt
00:00:08]} 78. Kh4 {[%clk 00:39:38] [%emt 00:00:10]} 78... Qg4# {[%emt
00:00:59]} 0-1

[Event "ODJM C 2023"]
[Site "Willingen GER"]
[Date "2023.05.28"]
[Round "1"]
[White "Sun, Christopher"]
[Black "Schilay, Vinzenz"]
[Result "1-0"]
[Termination "normal"]
[Board "14"]
[WhiteElo "1313"]
[BlackElo "1052"]
[WhiteClock "00:58:18"]
[BlackClock "01:07:10"]
[PlyCount "73"]
[WhiteFideId "34630368"]
[BlackFideId "12983209"]
[EventCountry "GER"]
[EventRounds "9"]
[EventType "swiss"]
[EventDate "2023.05.27"]

1. e4 {[%clk 01:30:59]} 1... e5 {[%clk 01:30:58] [%emt 00:00:02]} 2. Nf3 {[%clk
01:31:21] [%emt 00:00:09]} 2... Nc6 {[%clk 01:31:19] [%emt 00:00:09]} 3. Bb5
{[%clk 01:31:45] [%emt 00:00:06]} 3... Nf6 {[%clk 01:31:22] [%emt 00:00:27]} 4.
O-O {[%clk 01:31:23] [%emt 00:00:51]} 4... Bc5 {[%clk 01:30:59] [%emt
00:00:54]} 5. c3 {[%clk 01:30:20] [%emt 00:01:33]} 5... d6 {[%clk 01:30:53]
[%emt 00:00:35]} 6. d4 {[%clk 01:29:38] [%emt 00:01:12]} 6... Bb6 {[%clk
01:28:46] [%emt 00:02:37]} 7. d5 {[%clk 01:29:28] [%emt 00:00:41]} 7... Bd7
{[%clk 01:27:42] [%emt 00:01:34]} 8. dxc6 {[%clk 01:29:44] [%emt 00:00:14]}
8... bxc6 {[%clk 01:27:06] [%emt 00:01:05]} 9. Bd3 {[%clk 01:27:26] [%emt
00:02:45]} 9... d5 {[%clk 01:27:17] [%emt 00:00:23]} 10. exd5 {[%clk 01:26:31]
[%emt 00:01:25]} 10... e4 {[%clk 01:27:02] [%emt 00:00:45]} 11. Re1 {[%clk
01:25:51] [%emt 00:01:10]} 11... cxd5 {[%clk 01:26:44] [%emt 00:00:48]} 12. Bc2
{[%clk 01:24:44] [%emt 00:01:36]} 12... O-O {[%emt 00:00:33]} 13. Nd4 {[%clk
01:21:02] [%emt 00:04:11]} 13... c5 {[%clk 01:26:21] [%emt 00:00:52]} 14. Ne2
{[%clk 01:21:02] [%emt 00:00:30]} 14... Qc7 {[%clk 01:26:10] [%emt 00:00:41]}
15. Nf4 {[%clk 01:20:22] [%emt 00:01:09]} 15... Be6 {[%clk 01:24:52] [%emt
00:01:50]} 16. h3 {[%clk 01:14:40] [%emt 00:06:12]} 16... Rad8 {[%clk 01:23:41]
[%emt 00:01:41]} 17. Bb3 {[%clk 01:08:23] [%emt 00:06:47]} 17... c4 {[%clk
01:20:54] [%emt 00:03:16]} 18. Ba4 {[%clk 01:08:27] [%emt 00:00:26]} 18... d4
{[%clk 01:20:22] [%emt 00:01:03]} 19. cxd4 {[%clk 01:08:36] [%emt 00:00:21]}
19... Rxd4 {[%clk 01:19:33] [%emt 00:01:18]} 20. Qc2 {[%clk 01:08:37] [%emt
00:00:29]} 20... Rfd8 {[%clk 01:18:41] [%emt 00:01:23]} 21. Be3 {[%clk
01:08:02] [%emt 00:00:56]} 21... R4d6 {[%clk 01:17:54] [%emt 00:01:24]} 22.
Bxb6 {[%clk 01:05:51] [%emt 00:02:42]} 22... Qxb6 {[%clk 01:18:05] [%emt
00:00:18]} 23. Nxe6 {[%clk 01:05:22] [%emt 00:01:01]} 23... fxe6 {[%clk
01:17:03] [%emt 00:01:31]} 24. Qxc4 {[%clk 01:03:55] [%emt 00:01:57]} 24... Rd4
{[%clk 01:15:41] [%emt 00:01:52]} 25. Qb5 {[%clk 01:02:06] [%emt 00:02:20]}
25... Qc7 {[%clk 01:14:57] [%emt 00:01:12]} 26. Nc3 {[%clk 01:01:15] [%emt
00:01:20]} 26... Qf4 {[%clk 01:09:44] [%emt 00:05:45]} 27. Ne2 {[%clk 01:00:05]
[%emt 00:01:41]} 27... Qc7 {[%clk 01:07:56] [%emt 00:02:18]} 28. Nxd4 {[%clk
01:00:14] [%emt 00:00:21]} 28... Rxd4 {[%clk 01:07:53] [%emt 00:00:33]} 29.
Rac1 {[%clk 01:00:11] [%emt 00:00:26]} 29... Qd6 {[%clk 01:07:30] [%emt
00:00:59]} 30. Red1 {[%clk 01:00:12] [%emt 00:00:30]} 30... Qf4 {[%clk
01:06:52] [%emt 00:01:08]} 31. Rc8+ {[%clk 00:59:53] [%emt 00:00:49]} 31... Kf7
{[%clk 01:06:58] [%emt 00:00:24]} 32. Rxd4 {[%clk 00:59:56] [%emt 00:00:27]}
32... Kg6 {[%clk 01:07:09] [%emt 00:00:18]} 33. g3 {[%clk 00:59:11] [%emt
00:01:15]} 33... Qh6 {[%clk 01:06:46] [%emt 00:00:53]} 34. Qe5 {[%clk 00:58:29]
[%emt 00:01:08]} 34... Qxh3 {[%clk 01:06:49] [%emt 00:00:30]} 35. Be8+ {[%clk
00:57:52] [%emt 00:01:08]} 35... Kh6 {[%clk 01:06:52] [%emt 00:00:27]} 36. Qf4+
{[%clk 00:57:59] [%emt 00:00:19]} 36... g5 {[%clk 01:07:10] [%emt 00:00:15]}
37. Qxf6# {[%clk 00:58:18] [%emt 00:00:15]} 1-0